000 01061nam a22003377a 4500
001 BR8000362
003 BR-BrBNA
005 20230928090520.0
007 ta
008 230509b bl.||||| |||| 00| 0 por d
040 _aBR-BrBNA
_bpor
_cBiblioteca Nacional de Agricultura
041 _a(Por)
072 _aE70; L00
_b9410
_b5214
_b9414
_b/G514
090 _ 9410 BR8000362
100 1 _aSouza, F.A.S. de
245 1 _aA regulamentacao do mercado fluido e a transformacao tecnologica da pecuaria de leite no Brasil [Producao leiteira; Preco]
246 1 _a[Flowing market regulation and dairy cattle technological transformation in Brazil [Dairy production; Price]]
260 3 _aBrasilia, DF (Brasil):
_c1979.
300 _a109 p.
500 _a39 tables; 21 ref.
650 _aComercializacao
650 _aProducao leiteira
650 _aLeite
650 _aGado leiteiro
650 _aLeite em po
650 _aAbastecimento
650 _aPolitica comercial
650 _aPreco
909 _a202309
_bLucia
_c55
_dLucia Elande
942 _cBK
999 _c29164
_d29164